000 00871nam a2200205Ia 4500
003 GCL
008 140319s9999 xx 000 0 ara d
020 _a9765215977
040 _aGCL /
_cGCL
082 0 4 _a362.29
_bم س
100 1 _aمحمد حسن غانم
245 1 0 _aسيكولوجية الادمان و المدمنين الادمان اضرارة - نظريات تفسيرة - علاجة :
_bدراسة عبر ثقافية بين المدمنين فى مصر و دول الخليج العربى /
_cمحمد حسن غانم
250 _aالاولى
260 _aالقاهرة :
_bدار غريب للطباعة والنشر والتوزيع ،
_c2005
300 _a511 ص ؛
_c24 سم
650 0 4 _aالادمان والشباب
650 0 4 _aالادمان
650 0 4 _aادمان المخدرات - الجوانب الصحية
942 _2ddc
_cBK
999 _c57040
_d57040